000 00799nam a22001937a 4500
003 OSt
005 20240527115049.0
008 240523b ||||| |||| 00| 0 eng d
040 _cAIMIT LIBRARY
100 _aT P Krishnendu.
_e2016067
_9167155
245 _aExamination of the relationship between turnover intention employer attractiveness organizational commitment and perceived organizational support in reliance jio infocomm Ltd Kannur /
_cBy Krishnendu T P; Guided by Rajani Suresh.
260 _aGujarat ;
_c2022.
650 _aIndustry profile company profile and introduction to study
_9167905
650 _aLiterature review
_9167906
650 _aData analysis and interpretation
_9167907
700 _aSuresh, Rajani.
_9167156
_eGuide
856 _3Jio Digital Life
942 _2ddc
_cPRO
999 _c230903
_d230903